تحميل...
Bajra: Pennisetum typhoids S&H /
| المؤلف الرئيسي: | |
|---|---|
| التنسيق: | Printed Book |
| اللغة: | English |
| منشور في: |
New Delhi :
Indian Council for Agricultural Research ,
1961.
|
| LEADER | 00581cam a2200181ua 4500 | ||
|---|---|---|---|
| 020 | |c 6.00 | ||
| 041 | |a eng | ||
| 082 | |a 633.171 |b KRI/BA | ||
| 100 | |a Krishnaswami, N . | ||
| 245 | |a Bajra: Pennisetum typhoids S&H / |c N Krishnaswami. |h Textual Documents | ||
| 260 | |a New Delhi : |b Indian Council for Agricultural Research , |c 1961. | ||
| 300 | |a 94 ; . | ||
| 365 | |a 6.00 | ||
| 504 | |||
| 541 | |e 7819 |h 6.00 | ||
| 942 | |c BK | ||
| 999 | |c 31803 |d 31803 | ||
| 952 | |0 0 |1 0 |4 0 |6 633_171000000000000 |7 0 |9 41984 |a KAUAET |b KAUAET |d 2012-04-07 |m 0 |o 633.171 |p KAU_KCAET-7819 |r 2012-04-07 |w 2012-04-07 |y BK | ||